00534nam a2200145Ia 450000500170000000800410001710000420005824501170010026000090021730000110022665000110023794200070024899900170025595201160027220260328104327.0260328s9999||||xx |||||||||||||| ||und|| aComité Nacional Mexicana del Icomos 0aConservación del Patrimonio monumental.Quince Años de experiencias /cComité Nacional Mexicana del Icomos bINAH a111 p. aMEXICO cBK c11556d11556 001040708GENaGPCbGPCcGENd2026-03-28i5804l0o720.53 C7354p5804r2026-03-28 15:43:27t1w2026-03-28yBK